THE ATMOSPHERE AN INTRODUCTION TO METEOROLOGY (Record no. 14095)
[ view plain ]
| 000 -LEADER | |
|---|---|
| fixed length control field | 00302nam a22001337a 4500 |
| 003 - CONTROL NUMBER IDENTIFIER | |
| control field | SGT |
| 082 ## - DEWEY DECIMAL CLASSIFICATION NUMBER | |
| Classification number | 375.0083 |
| Item number | A15L |
| 100 ## - MAIN ENTRY--PERSONAL NAME | |
| Personal name | LUTGENS,FREDERICK K |
| 245 ## - TITLE STATEMENT | |
| Title | THE ATMOSPHERE AN INTRODUCTION TO METEOROLOGY |
| 250 ## - EDITION STATEMENT | |
| Edition statement | 12TH |
| 260 ## - PUBLICATION, DISTRIBUTION, ETC. (IMPRINT) | |
| Place of publication, distribution, etc | INDIA |
| Name of publisher, distributor, etc | PEARSON |
| Year of Publication | 2015 |
| 300 ## - PAGE DESCRIPTION | |
| No. of Pages | 562 |
| 942 ## - ADDED ENTRY ELEMENTS (KOHA) | |
| Source of classification or shelving scheme | Dewey Decimal Classification |
| Koha item type | Books |
| Withdrawn status | Lost status | Source of classification or shelving scheme | Damaged status | Not for loan | Collection code | Home library | Current library | Shelving location | Date acquired | Vendor Name | Cost, normal purchase price | SGTU | Bill Number | Total Checkouts | Full call number | Accession No. (Barcode) | Date last seen | Bill Date | Koha item type |
|---|---|---|---|---|---|---|---|---|---|---|---|---|---|---|---|---|---|---|---|
| Dewey Decimal Classification | MEDICAL | SGT Medical Library | SGT Medical Library | Text Book | 21/12/2017 | ABC DELHI | 869.00 | SGTU | 8371 | 375.0083 A15L | FM9008 | 21/12/2017 | 26/07/2017 | Books | |||||
| Dewey Decimal Classification | MEDICAL | SGT Medical Library | SGT Medical Library | Text Book | 21/12/2017 | ABC DELHI | 869.00 | SGTU | 8371 | 375.0083 A15L | FM9009 | 21/12/2017 | 26/06/2017 | Books |